Quizzes
Events
Quiz Creation
Community
Videos
Private Events
Remove Ads
Sign In
Join for FREE
Feedback
Dark Mode
Quiz Categories
Sports
Geography
Music
Movies
Television
Just For Fun
Miscellaneous
History
Literature
Language
Science
Gaming
Entertainment
Religion
Holiday
For Kids
Quiz Lab
Recent
Popular Today
Quiz Kudos Today
Editor Picks
Curator Picks
Quizzes by...
Day
Popularity
Type
Ratings
Length
Year
Community
Subscriptions
Recent Discussions
Orange Saloon
Badges
Playlists
Quests
Create
Leaderboards
Showdown
Live 5
Trivia Bingo
Activity
Puzzle Library
Sporcle Events
Private Events
Virtual Trivia
Globe League
Become a Host
Pub Owners
SporcleCon
Opinionation
Our Games
Videos
Blog
Mobile Apps
Partnerships
Remove Ads and Go Orange
Feedback
Music
Pop Music
The Beatles
Song
Album
Lyrics
Bands
Singers
Artist
Clip
Rock
Rap
Classical
Billboard
Country Music
Kpop
Taylor Swift
Music
Pop Music
The Beatles
Song
Album
Lyrics
Bands
Singers
Artist
Clip
Rock
Rap
Classical
Billboard
Country Music
Kpop
Taylor Swift
Random Quiz
Search Sporcle
×
Quiz Lab
Quiz Lab
Music
Kpop
Type in answers that appear in a list
Type in answers that appear in a list
Classic
Best Score? Go Orange.
BIGBANGs english lyrics (quite hard) Stats
Can you name the BIGBANGs english lyrics?
By
lunadobby
11m
51 Questions
1,438 Plays
1,438 Plays
1,438 Plays
Comments
Comments
Give Quiz Kudos
Give Quiz Kudos
-
- Ratings
hide this ad
Wrong Answers
Some wrong answers will appear in red
Some wrong answers will appear in red
Replay
Link that replays current quiz
Next Quiz
Link to next quiz in quiz playlist
You Got
0%
They Got
Avg Score
51%
Avg Friend Score
Upgrade to see
Score Distribution
Jump to the score distribution portion of the page
Score
0/51
Timer
11:00
0
Plays Today
English line
Songs name
% Correct
... mama just let me be your lover...
???
95.1%
...Baby don't leave me I know you still love me...
???
83.6%
... I hate this love song...
???
81.6%
...Oh my love, don't lie lie, you're my heart...
???
80.7%
...hey come on and make some noise...
???
79.9%
... i love girls, girls do I adore...
???
78.9%
...you just can't control...
???
77%
... bad boy but I'm nice...
???
76.8%
Love is pain, dadicated to all my broken-
hearted people...
???
76.7%
...Trauma I nunmul mareumyeon...
???
76.6%
...I'll still still be there...
???
75.2%
...Cuz you should be my Lady...
???
71.3%
...Van Assche, YSL, Dolce & Gabbana, Givenchy...
???
67.1%
... you don't say that tomorrow...
???
66.3%
...No i don't want you're dirty cash...
???
65.2%
...you ro-
ro-
rock my world...
???
65.2%
... bravo my life, seoul to uh dokyo...
???
63.8%
...Too fast to live too young to die...
???
60.9%
... top to bottom so freshly dressed...
???
58.4%
...Ice Coffee Espresso double shot...
???
58.1%
...I got the money money don’t you worry let’s party...
???
57.1%
...i don't wanna be without you girl...
???
54.1%
...oori eumakeh nul nogyuhbwa and we won't stop movin movin...
???
52.8%
...baby, my lady (I'll always love you girl)...
???
52.6%
...you and me hardcore, till you say no more...
???
48.7%
Love change, love hate, love...
???
48.7%
English line
Songs name
% Correct
...Tell me what is right and what is wrong...
???
48.1%
...baby take my hand, don't be afraid me...
???
47.5%
...Don't forget back in that day...
???
47.4%
...We livin’ that, We livin’ that good life
???
46.7%
... imma show you how to do it quick (GD style)...
???
43.5%
...How could you be so, how could you be so...
???
43%
...Honestly? our chemistry's not working right now...
???
41.9%
...one two step action, mission complete (no doubt)...
???
40.8%
... Now I'm crazy without you for me...
???
38.2%
... so amazing all the above anyway you take it...
???
37.8%
...i need a girl who’s in it for me...
???
37.6%
...Steady thinkin' 'bout this thing called love...
???
36.1%
Let’s work it, let’s work it, let’s work it now...
???
34.4%
... calling you on the phone, whenever you be at home...
???
34.3%
...You are the only one in my life...
???
33.2%
...You're so wonderful I'm going crazy and I...
???
32.8%
...One two step and turn left to the right below...
???
32.3%
... Uno Dos Tres Cuatro...
???
30.4%
...Could it be that i play the game to loose you...
???
28.2%
... oh you got to go...
???
27.7%
...That's right baby zero below...
???
25.7%
...run around in the rain with you...
???
25.2%
...Yea, we gon’ party like it’s your birthday...
???
24.5%
...Ladies and gentlemen ho, they call me...
???
20.5%
... long time no see,I still remember them days... You remember?...
???
16.8%
Quiz Playlist
Details
Report
Send in Message
Add To Playlist
Classic:
Type in answers that appear in a list
Wrong Answers:
Some wrong answers will appear in red
Last Updated: Oct 31, 2018
Quiz Scoreboard
CHALLENGE
Sign Up to Join the Scoreboard
Show All
Scores
Hide
Comments
May contain spoilers
Recently Published
Billboard Blitz: Fleetwood Mac
by CooCooCachoo
Music
15s
Presidents Visiting Landmarks
by Hejman
History
7m
An Introduction to Baseball
by treessimontrees
Sports
5m
More to Explore
Quiz From the Vault
Featured Blog Post
Where Did the Easter Bunny Come From?
hide this ad
You Might Also Like...
Tags
Kpop Quiz
Kpop Quiz
Today's Top Quizzes in Music
Browse Music
hide this ad
Today's Top Quizzes in Kpop
Browse Kpop
Top Contributed Quizzes in Music
1
Taylor Swift All Songs (2024)
2
Guess the Artist- 70s Songs
3
7-to-1: Billboard Hot 100 #1 Hits of 2010s
4
Sorting Albums and Songs
5
Taylor Swift Logic Puzzle
6
KPOP LOGIC QUIZ
7
2010s Album by Cover III
8
One Thing in Common: Music
9
Guess the Taylor Swift song (Mystery Song)
10
Guess The Taylor Swift Lyrics Song #1
Explore More
Trending Topics
Disney
Crossword
NBA
Marvel
Kpop
Harry Potter
Anime
Song
Country
NFL
Soccer
WWE
Puzzle
Pokémon
The Office
hide this ad
More By:
lunadobby
Quiz
Plays
Rating
Category
Featured
Created
BIGBANGs english lyrics (quite hard)
1,438
2.33
Music
Jun 12, 2012
Go to Creator's Profile
Score Distribution
Quiz Creator Spotlight
lunadobby
Follow
Send a Message
Quizzes Created
-
Created Quiz Play Count
-
More By This Creator
Popular Quizzes Today
1
Find the US States - No Outlines Minefield
2
Find the Countries of Europe - No Outlines Minefield
3
The Countries of the World
4
Find the US States
5
US States
6
Popular People in 1961
7
Risky Map Clicking: Biggest States A-Z
8
Movies - When Are They Set?
More Music Quizzes
Country Songs Bonanza
Curator's Pick
Trending Quizzes
Risky Map Clicking: Least Populous States A-Z
1-10 Letter G Words
1-10 Letter F Words
Risky Map Clicking: Next State Alphabetically
Risky Map Clicking: Biggest States A-Z
Recently Updated
Leaping Animals
pecheneg
Reality TV Shows (A-Z)
bhenderson79
Rickey Henderson's Hall of Fame Teammates
pecheneg
Champions League XIs: Arsenal
pecheneg
Quick Pick: Celebrities in WWE's Hall of Fame
aduchscher
A-Z Keypad Blitz II
pecheneg
Multiple Oscar Actors
pecheneg
Mystery Phrase Blitz: Oscar 'Best Actors'
pecheneg
F. Scott Fitzgerald Novels
LTH
Pick 3 Villains
ddd62291
Trending Topics
NBA
Anime
Crossword
Kpop
Marvel
Disney
Harry Potter
Country
Song
Puzzle
WWE
NFL
Soccer
Pokémon
The Office
Your Account Isn't Verified!
In order to create a playlist on Sporcle, you need to verify the email address you used during registration. Go to your
Sporcle Settings
to finish the process.
Report this User
Report this user for behavior that violates our
Community Guidelines
.
Details:
Send Report
Go to the Sporcle.com Mobile Site →
Comments